Statistiken für Airlines, die den Airbus A380 besitzen (2023)

Klicken Sie hier um das Quiz zu spielen!

Allgemein

  • Dieses Quiz wurde 212 mal gespielt
  • Das Durchschnittsergebnis liegt bei 6 aus 10

Antwortstatistiken

Airlines% Korrekt
Lufthansa
98%
Emirates
91%
British Airways
78%
Qatar Airways
73%
Qantas
65%
Singapore Airlines
60%
Etihad Airways
59%
Korean Air Lines
45%
All Nippon Airways
34%
Asiana Airlines
27%

Verteilung der Resultate

Perzentil nach korrekt beantworteten Fragen

Anzahl Personen mit jedem Resultat

Ihre Resultats-Entwicklung

Sie haben dieses Quiz noch nicht gespielt